| 000 | 01090 a2200253 4500 | ||
|---|---|---|---|
| 999 |
_c4535 _d4535 |
||
| 020 | _a0873533100 | ||
| 020 | _a0873533097 (set) | ||
| 050 | 0 | 0 | _aQA 135.5 BUR 1991 |
| 100 |
_aBurton, Grace (et. al. ) _eauthor |
||
| 245 | 0 | 0 |
_aKindergarten book / _cGrace Burton ... [et al.], with Douglas Clements, John Firkins, Jeane Joyner. |
| 264 |
_aNew York _bNational Council of Teachers Mathematics _c1991 |
||
| 300 |
_aviii, 24 p. : _bill. ; |
||
| 440 | 0 | _aCurriculum and evaluation standards for school mathematics addenda series. | |
| 500 | _aIncludes bibliographical references | ||
| 504 | _aIncludes bibliographical references (p. viii). | ||
| 650 | 0 |
_aMathematics _xStudy and teaching (Preschool) |
|
| 700 | 1 |
_aBurton, Grace M. _eauthor |
|
| 700 | 1 |
_aDouglas Clemence _eauthor |
|
| 700 | 1 |
_aJohn Firkins _eauthor |
|
| 700 | 1 |
_aJeene Joyner _eauthor |
|
| 710 | 2 | _aNational Council of Teachers of Mathematics. | |
| 942 |
_2lcc _cBK _h135.5 _iBUR _kQA |
||